LEADER 01935oam 2200541zu 450 001 9910164295203321 005 20210807002101.0 010 $a0-8031-6997-3 035 $a(CKB)3170000000044468 035 $a(SSID)ssj0001184092 035 $a(PQKBManifestationID)11794400 035 $a(PQKBTitleCode)TC0001184092 035 $a(PQKBWorkID)11208955 035 $a(PQKB)11593037 035 $a(EXLCZ)993170000000044468 100 $a20160829d2009 uy 101 0 $aeng 181 $ctxt 182 $cc 183 $acr 200 00$aAdvances in electrochemical techniques for corrosion monitoring and measurement 210 31$a[Place of publication not identified]$cASTM International$d2009 225 0 $aSTP Advances in electrochemical techniques for corrosion monitoring and measurement 300 $aBibliographic Level Mode of Issuance: Monograph 311 $a0-8031-5522-0 517 0 $aCorrosion monitoring and measurement 606 $aCorrosion and anti-corrosives$xMeasurement$vCongresses 606 $aNondestructive testing$vCongresses 606 $aElectrochemical analysis$vCongresses 606 $aChemical & Materials Engineering$2HILCC 606 $aEngineering & Applied Sciences$2HILCC 606 $aMaterials Science$2HILCC 615 0$aCorrosion and anti-corrosives$xMeasurement 615 0$aNondestructive testing 615 0$aElectrochemical analysis 615 7$aChemical & Materials Engineering 615 7$aEngineering & Applied Sciences 615 7$aMaterials Science 676 $a620.1/1223 702 $aPapavinasam$b Sankara$f1962- 702 $aBrossia$b Sean 702 $aBerke Neal Steven 712 02$aASTM Committee G-1 on Corrosion of Metals. 801 0$bPQKB 906 $aBOOK 912 $a9910164295203321 996 $aAdvances in electrochemical techniques for corrosion monitoring and measurement$92847489 997 $aUNINA LEADER 02997nam 2200409 450 001 9910792833703321 005 20230809223932.0 010 $a1-910190-60-8 035 $a(CKB)3710000001185022 035 $a(OCoLC)984692509 035 $a(MiAaPQ)EBC5897845 035 $a(EXLCZ)993710000001185022 100 $a20191018d2017 uy 0 101 0 $aeng 135 $aurcn#nnn||||| 181 $ctxt$2rdacontent 182 $cc$2rdamedia 183 $acr$2rdacarrier 200 00$aMetagenomics $ecurrent advances and emerging concepts /$fedited by Diana Marco 210 1$aNorfolk, UK :$cCaister Academic Press,$d[2017] 210 4$d©2017 215 $a1 online resource (vi, 146 pages) $cillustrations 311 $a1-910190-59-4 320 $aIncludes bibliographical references and index. 327 $a1. Integration of ecology and environmental metagenomics conceptual and methodological frameworks -- 2. Guidelines to statistical analysis of microbial composition data inferred from metagenomic sequencing -- 3. Methods for the metagenomic data visualization and analysis -- 4. Comparing viral metagenomic extraction methods -- 5. Spatiotemporal variations in the abundance and structure of denitrifier communities in sediments differing in nitrate content -- 6. Using metagenomics to connect microbial community biodiversity and functions -- 7. Application of omics approaches to studying methylotrophs and methylotroph communities. 330 $aMetagenomics continues to be one of the most dynamic scientific fields due largely to the development of new and cheaper sequencing technologies. The diversity of habitats explored with metagenomics and other meta-omics techniques has increased exponentially in recent years. The resulting cascade of data has led to a new range of methodological problems and solutions. In this collection of reviews, expert authors describe the cutting-edge and emerging conceptual and methodological tools being employed to deal with current issues in metagenomics. Topics covered include the integration of ecology and metagenomics; the organization, classification, analysis and interpretation of the vast amount of data; the new statistical and bioinformatic techniques; sample extraction and processing techniques; and various applications of metagenomics in specific areas. The volume is essential reading for researchers and students commencing projects in this field, for researchers active in metagenomics areas, and for educators interested in the latest developments. The volume is also of value to anyone involved in biotechnology, bioremediation, biodegradation and environmental microbiology. 606 $aMicrobial genomics$xData processing 615 0$aMicrobial genomics$xData processing. 676 $a572.8629 702 $aMarco$b Diana 801 0$bMiAaPQ 801 1$bMiAaPQ 801 2$bMiAaPQ 906 $aBOOK 912 $a9910792833703321 996 $aMetagenomics$91753707 997 $aUNINA LEADER 03513nam0 2200361 4500 001 000037307 005 20250225160704.0 010 $a978-88-921-7880-9$beBook-PDF 100 $a20250225d2023----km-y0itay50------ba 101 0 $aita 102 $aIT 105 $ay-------001yy 106 $as 135 $adoug----uuuuu 200 1 $a<>adeguatezza pensionistica e la crisi del modello assicurativo$brisorsa elettronica$fMaria Cristina Degoli$gprefazione di Domenico Garofalo 210 $aTorino$cGiappichelli$d2023 215 $aXXXV, 261 p.$d24 cm$c1 testo elettronico 230 $aDati testuali (1 file) 300 $aModalità di accesso: World Wide Web 327 1 $aIndice del libro free access:$uhttp://digital.casalini.it/9788892178809 330 $aIl filo conduttore della ricerca di Maria Cristina Degoli è l'adeguatezza delle prestazioni pensionistiche a fronte di una diffusa destrutturazione del lavoro (nel lessico corrente lavoro non standard), poco o per nulla compatibile con il sistema assicurativo che connota l'attuale sistema previdenziale, con la generalizzazione dal 1° gennaio 2012 del metodo di calcolo contributivo delle pensioni. Il quesito di fondo al quale l'A. intende dare una risposta, in aderenza ai principi costituzionali, è se la tutela pensionistica debba essere mantenuta nell'area della previdenza, con gli opportuni aggiustamenti, ormai improcrastinabili se si vuole garantire l'adeguatezza delle prestazioni, ovvero se è ormai inevitabile la trasmigrazione nell'area dell'assistenza, come da taluni propugnato, sganciandola definitivamente dalla logica assicurativa. La questione, già dibattuta negli anni successivi alla riforma del 2011, è letteralmente esplosa con l'entrata in vigore del decreto legge n. 4/2019 che ha definitivamente messo in crisi l'impianto assicurativo della nostra previdenza, introducendo prestazioni che sovente sopravanzano come importo quelle collegate alla contribuzione versata (sia pure assoggettando il diritto a condizioni non previste per le prestazioni previdenziali). Ciò vale per la NASpI che (prima delle modifiche apportate dalla l. n. 234/2021) nella parte finale di percezione si riduce per via del décalage, andando sotto l'importo del Reddito di cittadinanza, e vale anche per le pensioni contributive, per gli importi più bassi anch'esse attestate sotto l'importo della pensione di cittadinanza. In entrambi i casi il d.l. n. 4/2019 prevede una integrazione, di natura marcatamente assistenziale, ma in tal modo mettendo in discussione (id est devalorizzando), secondo l'A. la logica assicurativa, cioè l'interesse al versamento della contribuzione sia contro la disoccupazione sia per l'evento IVS. Prefazione di Domenico Garofalo. 410 0$12001$aStudi di diritto del lavoro$v49 500 10$a<>adeguatezza pensionistica e la crisi del modello assicurativo$93670107 610 1 $aPrevidenza sociale$aLegislazione$aItalia 676 $a344.4502$v23$9Diritto in materia di previdenza sociale. Italia 700 1$aDegoli,$bMaria Cristina$4070$0749056 702 1$aGarofalo,$bDomenico$f<1951- >$4080 801 0$aIT$bUNIPARTHENOPE$c20250211$gRICA$2UNIMARC 856 4 $uhttp://digital.casalini.it/9788892178809$zAccesso limitato alla rete di Ateneo Università di Napoli "Parthenope"$eData ultima consultazione: 2025-02-25 912 $a000037307 951 $aE-BOOK$b49891$cNAVA1$d2025 996 $aAdeguatezza pensionistica e la crisi del modello assicurativo$93670107 997 $aUNIPARTHENOPE